000
00323nam a2200133Ia 4500
008
240624s9999 xx 000 0 und d
041
_a
eng
082
_a
658.15 ICF
100
_a
ICFAI
245
_a
FINANCIAL SERVICES I
260
_c
2003
_a
Hyderabad
_b
ICFAI press
300
_a
vii, : 199 : p. : cm. ; 23
365
_c
RS
_b
50
999
_c
6504
_d
6504